| 000 | 01702nam a2200445 c 4500 | ||
|---|---|---|---|
| 001 | 15289 | ||
| 003 | ES-MaCES | ||
| 005 | 20150929135819.0 | ||
| 008 | 030710s2000 ck t o100 | spa d | ||
| 035 | _aCES20030009717m | ||
| 040 |
_aES-MaCES _bspa _cES-MaCES |
||
| 111 | 2 |
_aReunión Conjunta de los Consejos Consultivos Empresarial y Laboral Andinos _n2ª _d2000 _cArequipa _9806 |
|
| 245 | 1 | 0 | _aII Reunión Conjunta de los Consejos Consultivos Empresarial y Laboral Andinos, Arequipa, 10 y 11 de julio de 2000 |
| 260 |
_a[S.l. _bs.n.] _c2000 |
||
| 300 |
_a[17] h. _c30 cm |
||
| 500 | _aTít. tomado de la cub | ||
| 500 | _aEn la cub.: Secretaría General, Comunidad Andina, Consejo Económico y Socia y AECI | ||
| 500 | _aEjempl. fotocopiado | ||
| 541 | _cGratuito | ||
| 650 | 4 |
_amercado común _927960 |
|
| 650 | 4 |
_alibre circulación _929880 |
|
| 650 | 4 |
_azona de libre comercio _928006 |
|
| 650 | 4 |
_acooperación internacional _926635 |
|
| 650 | 4 |
_acomisión consultiva _929196 |
|
| 650 | 4 |
_aConsejos Económicos y Sociales _930859 |
|
| 650 | 4 |
_arelaciones interinstitucionales _930832 |
|
| 650 | 4 |
_aEspaña _926964 |
|
| 650 | 4 |
_aGrupo Andino _929594 |
|
| 650 | 4 |
_areunión _927009 |
|
| 653 | 1 | 0 | _aAdministración-Instituciones públicas |
| 650 | 4 |
_930664 _aconcertación social |
|
| 710 | 2 |
_aConsejo Consultivo Empresarial Andino _92351 |
|
| 710 | 2 |
_aConsejo Consultivo Laboral Andino _92353 |
|
| 710 | 2 |
_aComunidad Andina _92223 |
|
| 710 | 2 |
_aConsejo Económico y Social (España) _92408 |
|
| 710 | 2 |
_91251 _aAgencia Española de Cooperación Internacional |
|
| 902 | _aDOC Literatura gris | ||
| 942 |
_2CES _cBK _h6.3. |
||
| 999 |
_c15289 _d15289 |
||